[Event "msr2018"]
[Site "?"]
[Date "2018.04.25"]
[Round "7.1"]
[White "Varga, Lukas"]
[Black "Jakab, Bela"]
[Result "0-1"]
[BlackElo "2258"]
[WhiteElo "1962"]
[LiveChessVersion "1.4.8"]

1. e4 {[%clk 1:30:57]} e6 {[%clk 1:30:55]} 2. d4 {[%clk 1:31:21]} d5
{[%clk 1:31:19]} 3. Nd2 {[%clk 1:31:46]} c5 {[%clk 1:31:45]} 4. Ngf3
{[%clk 1:32:08]} cxd4 {[%clk 1:31:55]} 5. Nxd4 {[%clk 1:32:30]} Nc6
{[%clk 1:32:12]} 6. Nxc6 {[%clk 1:32:54]} bxc6 {[%clk 1:32:35]} 7. Bd3
{[%clk 1:33:18]} Nf6 {[%clk 1:32:11]} 8. O-O {[%clk 1:33:17]} Be7
{[%clk 1:31:51]} 9. Qe2 {[%clk 1:32:46]} Bb7 {[%clk 1:29:40]} 10. Re1
{[%clk 1:20:31]} Nd7 {[%clk 1:20:56]} 11. exd5 {[%clk 1:14:24]} cxd5
{[%clk 1:20:55]} 12. Nf3 {[%clk 1:14:35]} O-O {[%clk 1:18:27]} 13. Bf4
{[%clk 1:04:15]} Nc5 {[%clk 1:13:00]} 14. Rad1 {[%clk 1:00:02]} Bf6
{[%clk 1:10:22]} 15. Be5 {[%clk 0:57:51]} Rc8 {[%clk 1:02:54]} 16. c3
{[%clk 0:53:34]} Bxe5 {[%clk 0:55:22]} 17. Qxe5 {[%clk 0:53:03]} f6
{[%clk 0:47:22]} 18. Qe2 {[%clk 0:37:51]} Qb6 {[%clk 0:39:58]} 19. Bb1
{[%clk 0:36:21]} e5 {[%clk 0:37:09]} 20. Nh4 {[%clk 0:35:30]} Ne6
{[%clk 0:33:39]} 21. Qh5 {[%clk 0:28:03]} e4 {[%clk 0:31:53]} 22. Nf5
{[%clk 0:22:34]} Rc7 {[%clk 0:30:37]} 23. Ne3 {[%clk 0:19:45]} g6
{[%clk 0:30:40]} 24. Qe2 {[%clk 0:18:31]} f5 {[%clk 0:29:18]} 25. Qd2
{[%clk 0:15:22]} Rd7 {[%clk 0:28:06]} 26. a3 {[%clk 0:14:20]} Rfd8
{[%clk 0:23:12]} 27. Ba2 {[%clk 0:13:13]} Nc5 {[%clk 0:20:06]} 28. Qd4
{[%clk 0:10:49]} Nd3 {[%clk 0:19:57]} 29. Qxb6 {[%clk 0:07:53]} axb6
{[%clk 0:20:23]} 30. Re2 {[%clk 0:06:26]} Kg7 {[%clk 0:20:14]} 31. Rc2
{[%clk 0:03:55]} f4 {[%clk 0:17:42]} 32. Nf1 {[%clk 0:04:01]} Kf6
{[%clk 0:18:00]} 33. Bb3 {[%clk 0:03:33]} Ba6 {[%clk 0:16:12]} 34. Nd2
{[%clk 0:03:33]} Nc5 {[%clk 0:15:07]} 35. Ba2 {[%clk 0:02:22]} Bd3
{[%clk 0:15:18]} 36. Rcc1 {[%clk 0:02:34]} Be2 {[%clk 0:15:31]} 37. b4
{[%clk 0:01:31]} Nd3 {[%clk 0:15:45]} 38. Re1 {[%clk 0:01:14]} Nxc1
{[%clk 0:14:05]} 39. Rxc1 {[%clk 0:01:35]} e3 {[%clk 0:14:21]} 40. fxe3
{[%clk 0:01:09]} fxe3 {[%clk 0:14:45]} 41. Nf3 {[%clk 0:01:30]} Bxf3
{[%clk 0:15:00]} 42. Rf1 {[%clk 0:01:26]} Re7 {[%clk 0:14:28]} 43. Rxf3+
{[%clk 0:01:21]} Kg7 {[%clk 0:14:38]} 0-1

[Event "msr2018"]
[Site "?"]
[Date "2018.04.25"]
[Round "7.2"]
[White "Bango, Lukas"]
[Black "Haring, Filip"]
[Result "1/2-1/2"]
[BlackElo "2339"]
[WhiteElo "2127"]
[LiveChessVersion "1.4.8"]

1. e4 {[%clk 1:30:58]} c5 {[%clk 1:30:53]} 2. Nf3 {[%clk 1:31:23]} Nc6
{[%clk 1:31:08]} 3. d4 {[%clk 1:31:22]} cxd4 {[%clk 1:31:31]} 4. Nxd4
{[%clk 1:31:45]} e6 {[%clk 1:31:14]} 5. Nc3 {[%clk 1:31:56]} Qc7 {[%clk 1:31:34]}
6. Nxc6 {[%clk 1:31:21]} dxc6 {[%clk 1:31:31]} 7. Bd3 {[%clk 1:31:39]} e5
{[%clk 1:30:55]} 8. O-O {[%clk 1:30:24]} Nf6 {[%clk 1:31:04]} 9. Kh1
{[%clk 1:24:18]} Bd6 {[%clk 1:24:58]} 10. Bg5 {[%clk 1:21:27]} h6
{[%clk 1:22:27]} 11. Bxf6 {[%clk 1:14:11]} gxf6 {[%clk 1:22:50]} 12. Rb1
{[%clk 1:14:35]} Rg8 {[%clk 1:13:42]} 13. b4 {[%clk 1:11:46]} Be6
{[%clk 1:10:41]} 14. b5 {[%clk 1:07:07]} Ke7 {[%clk 1:06:10]} 15. bxc6
{[%clk 1:04:47]} bxc6 {[%clk 1:06:30]} 16. Qd2 {[%clk 1:02:43]} h5
{[%clk 1:01:46]} 17. Qe2 {[%clk 0:58:39]} Bg4 {[%clk 0:46:49]} 18. f3
{[%clk 0:58:10]} Bd7 {[%clk 0:47:03]} 19. Bc4 {[%clk 0:53:38]} Rab8
{[%clk 0:46:53]} 20. Qe3 {[%clk 0:39:12]} Qa5 {[%clk 0:40:47]} 21. Rbd1
{[%clk 0:37:28]} Qc5 {[%clk 0:37:34]} 22. Qxc5 {[%clk 0:37:07]} Bxc5
{[%clk 0:38:00]} 23. Bxf7 {[%clk 0:37:19]} Rgf8 {[%clk 0:31:49]} 24. Bb3
{[%clk 0:37:07]} Bc8 {[%clk 0:31:17]} 25. Na4 {[%clk 0:20:20]} Bb4
{[%clk 0:27:18]} 26. c3 {[%clk 0:19:18]} Ba3 {[%clk 0:26:13]} 27. Rf2
{[%clk 0:17:13]} Ba6 {[%clk 0:23:52]} 28. Rfd2 {[%clk 0:17:10]} Rfd8
{[%clk 0:23:22]} 29. Rxd8 {[%clk 0:15:54]} Rxd8 {[%clk 0:23:51]} 30. Rxd8
{[%clk 0:16:22]} Kxd8 {[%clk 0:24:12]} 31. Kg1 {[%clk 0:16:19]} c5
{[%clk 0:18:15]} 32. c4 {[%clk 0:15:38]} Bb4 {[%clk 0:18:42]} 33. Kf2
{[%clk 0:15:42]} Bc8 {[%clk 0:17:32]} 34. Ke3 {[%clk 0:13:12]} Bd7
{[%clk 0:16:57]} 35. Nb2 {[%clk 0:10:33]} Bc3 {[%clk 0:16:21]} 36. Nd3
{[%clk 0:11:00]} Bd4+ {[%clk 0:15:46]} 37. Ke2 {[%clk 0:11:26]} Ke7
{[%clk 0:14:42]} 38. h3 {[%clk 0:10:21]} Kf7 {[%clk 0:13:42]} 39. Bc2
{[%clk 0:07:19]} Be6 {[%clk 0:09:06]} 40. Bb3 {[%clk 0:07:43]} Bd7
{[%clk 0:05:36]} 41. Bc2 {[%clk 0:05:57]} Be6 {[%clk 0:02:41]} 42. Bb3
{[%clk 0:27:37]} Bd7 {[%clk 0:33:19]} 43. g4 {[%clk 0:28:03]} Kg6
{[%clk 0:32:57]} 44. Ne1 {[%clk 0:27:22]} 1/2-1/2

[Event "msr2018"]
[Site "?"]
[Date "2018.04.25"]
[Round "7.3"]
[White "Sahidi, Samir"]
[Black "Bielik, Jakub"]
[Result "1-0"]
[BlackElo "1939"]
[WhiteElo "2238"]
[LiveChessVersion "1.4.8"]

1. d4 {[%clk 1:30:57]} e6 {[%clk 1:30:50]} 2. Bf4 {[%clk 1:31:19]} d5
{[%clk 1:31:08]} 3. e3 {[%clk 1:31:24]} Bd6 {[%clk 1:30:30]} 4. Bg3
{[%clk 1:31:27]} Nf6 {[%clk 1:30:49]} 5. Nd2 {[%clk 1:31:19]} O-O
{[%clk 1:30:51]} 6. Bd3 {[%clk 1:30:44]} b6 {[%clk 1:30:46]} 7. Ngf3
{[%clk 1:30:16]} Bb7 {[%clk 1:30:34]} 8. Ne5 {[%clk 1:28:44]} Nbd7
{[%clk 1:26:40]} 9. O-O {[%clk 1:27:06]} Ne4 {[%clk 1:23:49]} 10. Nxd7
{[%clk 1:19:59]} Qxd7 {[%clk 1:24:14]} 11. Bxe4 {[%clk 1:17:59]} dxe4
{[%clk 1:24:33]} 12. Bxd6 {[%clk 1:15:45]} cxd6 {[%clk 1:22:54]} 13. c3
{[%clk 1:11:24]} Rfc8 {[%clk 1:20:47]} 14. Qh5 {[%clk 1:08:31]} Ba6
{[%clk 1:14:28]} 15. Rfe1 {[%clk 1:04:27]} d5 {[%clk 1:07:11]} 16. f3
{[%clk 1:03:05]} Bd3 {[%clk 1:07:37]} 17. a4 {[%clk 1:00:38]} a5 {[%clk 1:05:55]}
18. fxe4 {[%clk 1:00:20]} dxe4 {[%clk 1:06:18]} 19. Rec1 {[%clk 0:57:43]} Qd5
{[%clk 1:00:52]} 20. Qh4 {[%clk 0:55:39]} f5 {[%clk 0:55:59]} 21. Qg3
{[%clk 0:49:40]} Rc6 {[%clk 0:50:38]} 22. b3 {[%clk 0:49:20]} Rac8
{[%clk 0:50:23]} 23. c4 {[%clk 0:49:37]} Qd6 {[%clk 0:50:50]} 24. Rc3
{[%clk 0:43:29]} Kf7 {[%clk 0:47:22]} 25. Qh4 {[%clk 0:42:15]} h6
{[%clk 0:45:33]} 26. Rac1 {[%clk 0:40:06]} Qf8 {[%clk 0:41:22]} 27. Qf4
{[%clk 0:33:14]} g5 {[%clk 0:36:44]} 28. Qf2 {[%clk 0:32:38]} Ke8
{[%clk 0:35:19]} 29. Nf1 {[%clk 0:29:45]} Bxf1 {[%clk 0:29:59]} 30. Rxf1
{[%clk 0:29:33]} Qb4 {[%clk 0:28:20]} 31. Rfc1 {[%clk 0:27:16]} Qf8
{[%clk 0:28:34]} 32. Qe2 {[%clk 0:27:19]} e5 {[%clk 0:18:31]} 33. d5
{[%clk 0:23:21]} Rc5 {[%clk 0:17:47]} 34. Qh5+ {[%clk 0:23:05]} Kd7
{[%clk 0:14:54]} 35. Qg6 {[%clk 0:22:48]} Kc7 {[%clk 0:15:10]} 36. Rf1
{[%clk 0:22:38]} f4 {[%clk 0:13:04]} 37. Qxe4 {[%clk 0:22:43]} Qd6
{[%clk 0:13:31]} 38. exf4 {[%clk 0:21:57]} gxf4 {[%clk 0:13:56]} 39. Re1
{[%clk 0:21:52]} Re8 {[%clk 0:13:41]} 40. Rf3 {[%clk 0:21:40]} Kb7
{[%clk 0:13:01]} 41. Rxf4 {[%clk 0:21:43]} Rc7 {[%clk 0:13:14]} 42. Rg4
{[%clk 0:19:56]} Rf7 {[%clk 0:13:21]} 43. h3 {[%clk 0:19:29]} Ref8
{[%clk 0:13:43]} 44. Kh2 {[%clk 0:18:37]} Rf5 {[%clk 0:11:49]} 45. Rg7+
{[%clk 0:17:55]} Ka6 {[%clk 0:12:12]} 46. c5 {[%clk 0:16:15]} 1-0

[Event "msr2018"]
[Site "?"]
[Date "2018.04.25"]
[Round "7.4"]
[White "Verbovsky, Michal"]
[Black "Ferencak, Jakub"]
[Result "0-1"]
[BlackElo "1974"]
[WhiteElo "1924"]
[LiveChessVersion "1.4.8"]

1. b3 {[%clk 1:30:56]} c5 {[%clk 1:30:26]} 2. Bb2 {[%clk 1:31:08]} Nc6
{[%clk 1:30:51]} 3. e3 {[%clk 1:30:27]} b6 {[%clk 1:30:58]} 4. f4
{[%clk 1:29:48]} Bb7 {[%clk 1:30:06]} 5. Nf3 {[%clk 1:29:50]} Nf6
{[%clk 1:30:31]} 6. Be2 {[%clk 1:29:13]} g6 {[%clk 1:28:37]} 7. O-O
{[%clk 1:23:08]} Bg7 {[%clk 1:28:29]} 8. Ne5 {[%clk 1:21:12]} O-O
{[%clk 1:15:14]} 9. Nxc6 {[%clk 1:07:28]} Bxc6 {[%clk 1:15:05]} 10. Bf3
{[%clk 1:07:30]} Qc7 {[%clk 1:14:30]} 11. Nc3 {[%clk 1:02:41]} a6
{[%clk 1:12:40]} 12. Ne2 {[%clk 1:02:17]} Rac8 {[%clk 1:08:19]} 13. Ng3
{[%clk 0:59:45]} b5 {[%clk 1:04:56]} 14. Bxc6 {[%clk 0:58:44]} Qxc6
{[%clk 1:00:26]} 15. Qf3 {[%clk 0:58:39]} Qxf3 {[%clk 0:54:45]} 16. Rxf3
{[%clk 0:57:17]} d5 {[%clk 0:54:21]} 17. a4 {[%clk 0:51:52]} b4 {[%clk 0:52:21]}
18. d3 {[%clk 0:41:46]} c4 {[%clk 0:52:09]} 19. Bd4 {[%clk 0:38:17]} cxb3
{[%clk 0:47:00]} 20. cxb3 {[%clk 0:38:39]} Rc2 {[%clk 0:46:50]} 21. a5
{[%clk 0:27:47]} Nd7 {[%clk 0:45:34]} 22. Bxg7 {[%clk 0:24:11]} Kxg7
{[%clk 0:45:56]} 23. d4 {[%clk 0:24:32]} Nb8 {[%clk 0:45:37]} 24. e4
{[%clk 0:21:09]} Rd8 {[%clk 0:43:11]} 25. Rd3 {[%clk 0:17:49]} Nc6
{[%clk 0:43:05]} 26. e5 {[%clk 0:14:52]} Rb8 {[%clk 0:42:46]} 27. f5
{[%clk 0:14:33]} Rb5 {[%clk 0:42:10]} 28. fxg6 {[%clk 0:10:44]} fxg6
{[%clk 0:41:01]} 29. Rf3 {[%clk 0:10:09]} Nxd4 {[%clk 0:40:40]} 30. Rd3
{[%clk 0:10:07]} Ne2+ {[%clk 0:40:31]} 31. Nxe2 {[%clk 0:10:32]} Rxe2
{[%clk 0:40:54]} 32. Ra4 {[%clk 0:09:51]} Rxe5 {[%clk 0:39:39]} 33. Rd4
{[%clk 0:10:14]} Re3 {[%clk 0:39:57]} 34. Raxb4 {[%clk 0:08:34]} Rxa5
{[%clk 0:40:01]} 35. Kf2 {[%clk 0:08:54]} Rc3 {[%clk 0:40:16]} 36. Rb7
{[%clk 0:09:12]} Kf6 {[%clk 0:26:49]} 37. h3 {[%clk 0:09:06]} h5 {[%clk 0:19:46]}
38. Rb6+ {[%clk 0:09:04]} Kf5 {[%clk 0:08:28]} 39. Rb7 {[%clk 0:08:39]} e5
{[%clk 0:05:40]} 40. Rdb4 {[%clk 0:08:56]} Ra2+ {[%clk 0:04:49]} 41. Kg1
{[%clk 0:09:20]} Rc1+ {[%clk 0:05:13]} 42. Kh2 {[%clk 0:09:45]} Rcc2
{[%clk 0:05:28]} 43. R4b6 {[%clk 0:09:51]} Rxg2+ {[%clk 0:04:59]} 44. Kh1
{[%clk 0:10:15]} Rgd2 {[%clk 0:05:10]} 45. Rf7+ {[%clk 0:10:14]} Ke4
{[%clk 0:05:36]} 46. Rb4+ {[%clk 0:10:33]} d4 {[%clk 0:06:02]} 47. Kg1
{[%clk 0:10:51]} Rd1+ {[%clk 0:06:22]} 48. Rf1 {[%clk 0:11:15]} Rxf1+
{[%clk 0:06:43]} 49. Kxf1 {[%clk 0:11:41]} Ke3 {[%clk 0:06:57]} 50. Rb6
{[%clk 0:11:52]} Ra1+ {[%clk 0:06:32]} 51. Kg2 {[%clk 0:12:16]} d3
{[%clk 0:06:54]} 0-1

[Event "msr2018"]
[Site "?"]
[Date "2018.04.25"]
[Round "7.5"]
[White "Durica, Adam"]
[Black "Sandor, Martin"]
[Result "1-0"]
[BlackElo "1964"]
[WhiteElo "1890"]
[LiveChessVersion "1.4.8"]

1. Nf3 {[%clk 1:30:55]} c5 {[%clk 1:30:50]} 2. g3 {[%clk 1:30:48]} Nc6
{[%clk 1:31:09]} 3. Bg2 {[%clk 1:31:10]} e5 {[%clk 1:31:35]} 4. d3
{[%clk 1:30:47]} g6 {[%clk 1:31:37]} 5. b3 {[%clk 1:26:44]} Bg7 {[%clk 1:30:54]}
6. Bb2 {[%clk 1:27:07]} Nge7 {[%clk 1:30:56]} 7. c4 {[%clk 1:26:32]} O-O
{[%clk 1:29:37]} 8. Nfd2 {[%clk 1:25:03]} d6 {[%clk 1:29:04]} 9. O-O
{[%clk 1:24:07]} Be6 {[%clk 1:24:47]} 10. e3 {[%clk 1:16:31]} f5 {[%clk 1:20:48]}
11. Qe2 {[%clk 1:13:31]} Qd7 {[%clk 1:17:38]} 12. f4 {[%clk 0:58:51]} Rad8
{[%clk 1:05:15]} 13. Nf3 h6 {[%clk 1:01:24]} 14. a3 {[%clk 0:46:18]} a5
{[%clk 0:46:29]} 15. Rd1 {[%clk 0:41:15]} Qc8 {[%clk 0:27:32]} 16. Nc3
{[%clk 0:41:18]} Rfe8 {[%clk 0:27:17]} 17. Nb5 {[%clk 0:40:28]} Bf7
{[%clk 0:19:48]} 18. Qf2 {[%clk 0:37:08]} Qb8 {[%clk 0:18:40]} 19. d4
{[%clk 0:35:56]} e4 {[%clk 0:18:38]} 20. Ne1 {[%clk 0:35:59]} a4 {[%clk 0:17:58]}
21. dxc5 {[%clk 0:35:47]} dxc5 {[%clk 0:18:02]} 22. Bxg7 {[%clk 0:35:55]} Kxg7
{[%clk 0:17:53]} 23. Qb2+ {[%clk 0:36:09]} Kf8 {[%clk 0:15:30]} 24. Bf1
{[%clk 0:33:54]} Na5 {[%clk 0:11:43]} 25. bxa4 {[%clk 0:33:55]} Nxc4
{[%clk 0:11:29]} 26. Bxc4 {[%clk 0:34:16]} Bxc4 {[%clk 0:11:51]} 27. Qf6+
{[%clk 0:34:31]} Bf7 {[%clk 0:10:44]} 28. Nd6 {[%clk 0:34:05]} Rxd6
{[%clk 0:11:05]} 29. Qxd6 {[%clk 0:34:18]} Qa7 {[%clk 0:11:24]} 30. Ng2
{[%clk 0:29:50]} Rc8 {[%clk 0:09:09]} 31. Qf6 {[%clk 0:29:02]} Qxa4
{[%clk 0:08:57]} 32. Nh4 {[%clk 0:28:04]} c4 {[%clk 0:07:50]} 33. Rd6
{[%clk 0:27:05]} Qb3 {[%clk 0:07:12]} 34. Rad1 {[%clk 0:23:06]} Qxe3+
{[%clk 0:07:29]} 35. Kh1 {[%clk 0:23:30]} Re8 {[%clk 0:07:09]} 36. Rd7
{[%clk 0:22:18]} Qxa3 {[%clk 0:06:49]} 37. Nxg6+ {[%clk 0:22:41]} Nxg6
{[%clk 0:06:52]} 38. Qxf7# {[%clk 0:23:05]} 1-0

[Event "msr2018"]
[Site "?"]
[Date "2018.04.25"]
[Round "7.6"]
[White "Franko, Ondrej"]
[Black "Holly, Andrej"]
[Result "1/2-1/2"]
[BlackElo "1942"]
[WhiteElo "1968"]
[LiveChessVersion "1.4.8"]

1. e4 {[%clk 1:30:56]} c5 {[%clk 1:30:51]} 2. Nf3 {[%clk 1:31:22]} g6
{[%clk 1:30:48]} 3. d4 {[%clk 1:31:37]} cxd4 {[%clk 1:31:13]} 4. Nxd4
{[%clk 1:32:00]} Bg7 {[%clk 1:31:08]} 5. c4 {[%clk 1:29:42]} Nc6 {[%clk 1:30:43]}
6. Be3 {[%clk 1:28:55]} Nf6 {[%clk 1:29:56]} 7. Nc3 {[%clk 1:29:04]} O-O
{[%clk 1:28:49]} 8. Be2 {[%clk 1:29:11]} d6 {[%clk 1:27:46]} 9. f3
{[%clk 1:28:59]} Be6 {[%clk 1:21:15]} 10. Qd2 {[%clk 1:28:21]} Rc8
{[%clk 1:19:46]} 11. b3 {[%clk 1:24:54]} Qa5 {[%clk 1:15:16]} 12. O-O
{[%clk 1:24:03]} Nd7 {[%clk 1:09:57]} 13. Rac1 {[%clk 1:22:49]} Nxd4
{[%clk 1:02:14]} 14. Bxd4 {[%clk 1:23:11]} Bxd4+ {[%clk 1:01:34]} 15. Qxd4
{[%clk 1:23:33]} Qc5 {[%clk 1:01:02]} 16. Rcd1 {[%clk 1:12:56]} a6
{[%clk 0:54:28]} 17. f4 {[%clk 1:11:01]} Qxd4+ {[%clk 0:47:07]} 18. Rxd4
{[%clk 1:11:22]} Nf6 {[%clk 0:43:43]} 19. f5 {[%clk 1:03:44]} Bd7
{[%clk 0:39:58]} 20. g4 {[%clk 1:01:11]} gxf5 {[%clk 0:37:19]} 21. g5
{[%clk 0:51:46]} Nxe4 {[%clk 0:36:48]} 22. Nxe4 {[%clk 0:51:27]} fxe4
{[%clk 0:37:10]} 23. Rxe4 {[%clk 0:51:53]} Rc5 {[%clk 0:23:45]} 24. Rxe7
{[%clk 0:50:54]} Rxg5+ {[%clk 0:23:52]} 25. Kh1 {[%clk 0:47:19]} Bc6+
{[%clk 0:23:29]} 26. Bf3 {[%clk 0:47:45]} Kh8 {[%clk 0:14:41]} 27. Bxc6
{[%clk 0:46:05]} bxc6 {[%clk 0:15:08]} 28. Rfxf7 {[%clk 0:44:18]} Rxf7
{[%clk 0:15:31]} 29. Rxf7 {[%clk 0:44:44]} d5 {[%clk 0:14:36]} 30. cxd5
{[%clk 0:38:18]} cxd5 {[%clk 0:14:48]} 1/2-1/2

[Event "msr2018"]
[Site "?"]
[Date "2018.04.25"]
[Round "7.7"]
[White "Antal, Jakub"]
[Black "Brnusak, Andrej"]
[Result "0-1"]
[BlackElo "1884"]
[WhiteElo "1801"]
[LiveChessVersion "1.4.8"]

1. e4 {[%clk 1:30:48]} c5 {[%clk 1:30:54]} 2. Nf3 {[%clk 1:31:03]} e6
{[%clk 1:31:16]} 3. d4 {[%clk 1:30:57]} cxd4 {[%clk 1:31:38]} 4. Nxd4
{[%clk 1:31:21]} Nc6 {[%clk 1:32:00]} 5. Nc3 {[%clk 1:31:02]} Qc7
{[%clk 1:32:19]} 6. f4 {[%clk 1:29:50]} a6 {[%clk 1:31:00]} 7. Be3
{[%clk 1:28:05]} d6 {[%clk 1:29:13]} 8. Qf3 {[%clk 1:27:23]} b5 {[%clk 1:25:56]}
9. a3 {[%clk 1:24:51]} Bb7 {[%clk 1:24:08]} 10. Bd3 {[%clk 1:23:02]} Nf6
{[%clk 1:20:23]} 11. O-O {[%clk 1:19:56]} Be7 {[%clk 1:18:07]} 12. Rae1
{[%clk 1:18:45]} O-O {[%clk 1:15:55]} 13. Kh1 {[%clk 1:17:08]} Nxd4
{[%clk 1:12:51]} 14. Bxd4 {[%clk 1:17:07]} e5 {[%clk 1:11:29]} 15. Be3
{[%clk 1:06:30]} Rad8 {[%clk 1:07:37]} 16. Bc1 {[%clk 0:39:56]} Rd7
{[%clk 1:03:08]} 17. Nd5 {[%clk 0:34:49]} Nxd5 {[%clk 1:01:52]} 18. exd5
{[%clk 0:35:11]} Bf6 {[%clk 0:59:45]} 19. Qh3 {[%clk 0:28:35]} g6
{[%clk 0:55:57]} 20. Be4 {[%clk 0:27:19]} exf4 {[%clk 0:53:50]} 21. c3
{[%clk 0:17:36]} Re7 {[%clk 0:49:43]} 22. Bxf4 {[%clk 0:15:57]} Rfe8
{[%clk 0:47:57]} 23. Qg3 {[%clk 0:10:47]} Rxe4 {[%clk 0:42:28]} 24. Rxe4
{[%clk 0:10:56]} Rxe4 {[%clk 0:42:52]} 25. Bxd6 {[%clk 0:11:13]} Qd8
{[%clk 0:42:38]} 26. Qd3 {[%clk 0:06:47]} Re8 {[%clk 0:39:25]} 27. Bg3
{[%clk 0:05:58]} Be5 {[%clk 0:36:54]} 28. Rd1 {[%clk 0:05:24]} Bxg3
{[%clk 0:36:28]} 29. hxg3 {[%clk 0:05:47]} Qd6 {[%clk 0:36:16]} 30. Kh2
{[%clk 0:04:42]} Re5 {[%clk 0:34:13]} 31. Qc2 {[%clk 0:04:12]} Bxd5
{[%clk 0:33:11]} 32. Qd2 {[%clk 0:03:25]} Rh5+ {[%clk 0:31:19]} 33. Kg1
{[%clk 0:03:45]} Qxg3 {[%clk 0:31:33]} 0-1

[Event "msr2018"]
[Site "?"]
[Date "2018.04.25"]
[Round "7.8"]
[White "Viczencz, Peter"]
[Black "Gzib, David"]
[Result "1/2-1/2"]
[BlackElo "1923"]
[WhiteElo "1837"]
[LiveChessVersion "1.4.8"]

1. e3 {[%clk 1:30:37]} Nf6 {[%clk 1:30:28]} 2. g3 {[%clk 1:30:22]} g6
{[%clk 1:30:17]} 3. Bg2 {[%clk 1:30:37]} Bg7 {[%clk 1:30:45]} 4. d4
{[%clk 1:30:28]} O-O {[%clk 1:29:53]} 5. Ne2 {[%clk 1:30:23]} c6 {[%clk 1:27:57]}
6. O-O {[%clk 1:30:08]} d5 {[%clk 1:26:10]} 7. c4 {[%clk 1:29:17]} dxc4
{[%clk 1:25:07]} 8. Nd2 {[%clk 1:29:21]} Be6 {[%clk 1:24:18]} 9. Nf4
{[%clk 1:26:03]} Bg4 {[%clk 1:16:46]} 10. f3 {[%clk 1:24:10]} Bf5
{[%clk 1:15:19]} 11. Nxc4 {[%clk 1:23:10]} Nd5 {[%clk 1:10:17]} 12. Ne2
{[%clk 1:19:22]} Nb6 {[%clk 1:06:05]} 13. Na5 {[%clk 1:15:54]} Qc7
{[%clk 0:59:45]} 14. e4 {[%clk 1:13:40]} Be6 {[%clk 0:54:29]} 15. Qc2
{[%clk 1:06:57]} Nc8 {[%clk 0:50:05]} 16. Nb3 {[%clk 1:05:03]} Na6
{[%clk 0:45:11]} 17. Be3 {[%clk 1:03:26]} Nd6 {[%clk 0:41:17]} 18. Nf4
{[%clk 0:59:44]} Bxb3 {[%clk 0:34:21]} 19. Qxb3 {[%clk 0:59:25]} e5
{[%clk 0:33:40]} 20. dxe5 {[%clk 0:58:41]} Bxe5 {[%clk 0:33:58]} 21. Rfd1
{[%clk 0:57:05]} Rfd8 {[%clk 0:24:20]} 22. Ne2 {[%clk 0:48:45]} b5
{[%clk 0:16:48]} 23. f4 {[%clk 0:46:58]} Bg7 {[%clk 0:16:58]} 24. e5
{[%clk 0:46:29]} Nc4 {[%clk 0:15:37]} 25. Nd4 {[%clk 0:45:13]} Nxe3
{[%clk 0:11:35]} 26. Qxe3 {[%clk 0:44:53]} Qb6 {[%clk 0:11:07]} 27. Kf2
{[%clk 0:43:58]} Nb4 {[%clk 0:05:25]} 28. Nxc6 {[%clk 0:43:07]} Nxc6
{[%clk 0:03:55]} 29. Qxb6 {[%clk 0:43:27]} axb6 {[%clk 0:04:19]} 30. Bxc6
{[%clk 0:42:42]} Rxd1 {[%clk 0:04:41]} 31. Rxd1 {[%clk 0:43:09]} Rxa2
{[%clk 0:04:44]} 32. Rd2 {[%clk 0:42:55]} Bf8 {[%clk 0:02:48]} 1/2-1/2